Normal view
MARC view
- Ḥusainu, Fahmīdah.
Entry Personal Name
001 - CONTROL NUMBER
- control field: 12459
003 - CONTROL NUMBER IDENTIFIER
- control field: NUST
005 - DATE AND TIME OF LATEST TRANSACTION
- control field: 20181030113823.0
008 - FIXED-LENGTH DATA ELEMENTS
- fixed length control field: 181030|| aca||aabn | a|a d
040 ## - CATALOGING SOURCE
- Original cataloging agency: NUST
- Transcribing agency: NUST
100 ## - HEADING--PERSONAL NAME
- Personal name: Ḥusainu, Fahmīdah.
670 ## - SOURCE DATA FOUND
- Source citation: Work cat.: (NUST)0: Ḥusainu, Fahmīdah., Sindhī b̤olī :, 2012.
